000 00185nam a22000977a 4500
999 _c12472
_d12472
020 _a978-969-562-2
082 _a891.43
100 _aDell Karnegi
245 _aMane na Mane
942 _cBK